00656nam a2200205Ia 4500008004100000020001800041050001400059100002300073245003600096245003200132245006300164260002100227260002200248260000900270300001400279300002500293300001000318999001900328952010300347180207s9999 xx 000 0 und d a9781591470762 bE595 2004 aEnright, Robert D. aRising above the storm clouds : bwhat it's like to forgive / cby Robert D. Enright ; illustrated by Kathryn Kunz Finney. aWashington, DC : bMagination Press, c2004 aunpaged : bcolor illustration ; c25cm. c355536d355536 001040aSSISMbSSISMd2018-02-07l0oER E595 2004pSSISM5081r2018-02-07 00:00:00w2018-02-07yBK